Purpurová noc. Kniha první, Ve stínu Rudé věže/
12. květen 2025, Česká republika, hlavní město Liberec. V údolí mezi dvěma horskými hřebeny se ve věčném rudém přísvitu rozkládá město. Krouží nad ním draci, v parcích hřadují harpyje a v ulicích loví hydry, gryfové a bazilišci. Na západě se na vrcholku Ještědu k nebi vypíná kdysi slavný hotel, kter...
Uloženo v:
| Série: | Purpurová noc,
část 1 |
|---|---|
| Hlavní autor: | |
| Médium: | E-kniha |
| Jazyk: | Czech |
| Vydáno: |
Praha :
Brokilon,
2017
|
| Vydání: | Vydání první |
| Edice: | Brokilon alternativa
|
| Témata: | |
| Příbuzné jednotky: | Z cyklu::
Purpurová noc |
| Tagy: |
Žádné tagy |
| LEADER | 02536nam a2200445 i 4500 | ||
|---|---|---|---|
| 001 | 310860 | ||
| 003 | CZ PrSKC | ||
| 005 | 20260601215655.0 | ||
| 007 | ta | ||
| 008 | 180115s2017 xr a g 000 f cze | ||
| 015 | |a cnb002970179 | ||
| 020 | |a 9788074563775 |q (brožováno) : |c Kč 278,00 | ||
| 035 | |a (OCoLC)1028193995 | ||
| 040 | |a OLA001 |b cze |d ABA001 |e rda | ||
| 072 | 7 | |a 821.162.3-3 |x Česká próza |2 Konspekt | |
| 080 | |a 821.162.3-31 |2 MRF | ||
| 080 | |a (0:82-312.9) |2 MRF | ||
| 100 | 1 | |a Francová, Karolina, |d 1974- |7 jn20011210286 |4 aut | |
| 245 | 1 | 0 | |a Purpurová noc. |n Kniha první, |p Ve stínu Rudé věže/ |c Karolina Francová |
| 246 | 3 | 0 | |a Ve stínu Rudé věže |
| 250 | |a Vydání první | ||
| 264 | 1 | |a Praha : |b Brokilon, |c 2017 | |
| 300 | |a 300 stran ; |c 22 cm | ||
| 336 | |a text |b txt |2 rdacontent | ||
| 337 | |a bez média |b n |2 rdamedia | ||
| 338 | |a svazek |b nc |2 rdacarrier | ||
| 490 | 1 | |a Brokilon Alternativa | |
| 520 | 2 | |a 12. květen 2025, Česká republika, hlavní město Liberec. V údolí mezi dvěma horskými hřebeny se ve věčném rudém přísvitu rozkládá město. Krouží nad ním draci, v parcích hřadují harpyje a v ulicích loví hydry, gryfové a bazilišci. Na západě se na vrcholku Ještědu k nebi vypíná kdysi slavný hotel, který na východě již třináct let zastiňuje Rudá věž. Tyčí se na úpatí Jizerských hor do výšky půl kilometru, její koruna tone v mracích a její základy se noří do jediného zdroje magie na světě. Za jejími silnými zdmi určuje osud země temný mág. Zdá se, že nic nemůže narušit jeho moc a nikdo se mu nemůže postavit. Nakladatelská anotace. Kráceno | |
| 520 | 2 | |a Fantasy příběh zasazený do alternativní reality, v níž se v současných Čechách probudila magie. | |
| 655 | 7 | |a české romány |7 fd133974 |2 czenas | |
| 655 | 7 | |a fantasy romány |7 fd184199 |2 czenas | |
| 655 | 9 | |a Czech fiction |2 eczenas | |
| 655 | 9 | |a fantasy novels |2 eczenas | |
| 787 | 0 | 8 | |i Z cyklu: |t Purpurová noc |g 1 |
| 830 | 0 | |a Brokilon alternativa | |
| 900 | |a ABA001 |b 21 | ||
| 044 | |a xr | ||
| 910 | |a RBIT002 | ||
| 998 | |d 177234 |a https://core.palmknihy.cz/api/books/177234/cover?she8zn |b https://core.palmknihy.cz/api/books/177234/cover/400?she8zn |c https://core.palmknihy.cz/api/books/177234/cover/50?she8zn |e |g 298 |i 9788074563775 |j https://core.palmknihy.cz/api/books/177234/preview.epub |k https://core.palmknihy.cz/api/books/177234/preview.pdf |l |q 49 |r 1 |s https://www.palmknihy.cz/kniha/177234 |t ebook |y 2017 |z 0 |v Purpurová noc |w 1 | ||
| 999 | |d 310858 | ||